000 00243nam a2200109Ia 4500
008 231212s1981 xx 000 0 und d
041 _aeng
082 _a820
100 _aJewiesh W.
245 _aNative Land
260 _aMascow
_bMir Pub
_c1981
999 _c958570
_d958570